Biên mục đề mục /

Tallennettuna:
Bibliografiset tiedot
Päätekijä: Nguyễn Minh Hiệp
Aineistotyyppi: Kirja
Kieli:Vietnamese
Julkaistu: Giáo dục 2009
Tagit: Lisää tagi
Ei tageja, Lisää ensimmäinen tagi!
Thư viện lưu trữ: Mạng thư viện Đại học Đà Nẵng
LEADER 00614nam a2200265 4500
001 000027045
003 BM
005 20150403120000.0
008 150403s vm 000 vie
020 |c 0,0000 
040 |a notts 
100 |a Nguyễn Minh Hiệp 
245 |a Biên mục đề mục /  |c Nguyễn Minh Hiệp. 
260 |b Giáo dục  |c 2009 
OWN |a LTT 
999 |a From the UDN01 
TYP |a Monograph 
TYP |a Printed language 
980 |a Mạng thư viện Đại học Đà Nẵng